000 00803nam a22002897a 4500
003 CHAP
005 20231027133517.0
008 971013s1977 r 00010 d
010 _a1718
011 _a2690
035 _a1885
040 _cCHAP
082 _a170
_bG8
100 0 0 _aGutiérrez Sáenz, Raúl
_951837
245 _aIntroducción a la ética
260 _aMéxico, D. F. :
_bEsfinge,
_c1977
300 _a253 p.
500 _a42-243
590 _aBATCH-UPD
_b10
_c20130110
_lUCH01
_h1124
590 _aBATCH-UPD
_b10
_c20130410
_lUCH01
_h0714
590 _aBATCH-UPD
_b10
_c20130914
_lUCH01
_h1848
590 _aCONVERSION
_b10
_c20130109
_lUCH01
_h1302
650 1 4 _aÉtica.
_982776
901 _aBK
942 _cLIBRO
949 _a170 G8
_bBC
_cLIBRO
_d33724000228771
_eLIBRO
_h79382
_i1885
_si
999 _c1718
_d1718